=LDR 00000nam 2200000 4500 =001 INLIS000000000049461 =005 20170221141209.0 =006 =007 =008 =020 ##$$a 978-602-7686-24-4 =035 ##$$0010-021700000000253 =040 ##$$a NBPDMAT =082 ##$$a 899.227 =090 ##$$a 899.227 $bLuk t =100 ##$$a Lukman, H. Lalu =245 ##$$a Tembang sasak $c / H. Lalu Lukman; Editor, Ahmad Sirulhaq, M.A. =250 ##$$a Cet. 2 =260 ##$$a Selong $b KSU Primaguna $c 2014 =300 ##$$a iv, 81 hlm. ; $c 21 cm =650 ##$$a Kesusastraan Sasak - NTB =700 ##$$a Ahmad Sirulhaq, MA =850 ##$$a NBPDMAT =990 ##$$a 21604030 =990 ##$$a 21604031 =990 ##$$a 21604032 =990 ##$$a 21604033 =990 ##$$a 21604034